Statistiken für Länder mit der höchsten Depressionsrate

Klicken Sie hier um das Quiz zu spielen!

Allgemein

  • Dieses Quiz wurde 149 mal gespielt
  • Das Durchschnittsergebnis liegt bei 4 aus 10

Antwortstatistiken

PlatzLandAnteil von der Bevölkerung% Korrekt
2.Vereinigte Staaten5,9%
91%
8.Finnland5,6%
53%
2.Australien5,9%
46%
1.Ukraine6,3%
38%
5.Brasilien5,8%
35%
2.Estland5,9%
32%
8.Litauen5,6%
31%
8.Weißrussland5,6%
29%
6.Portugal5,7%
17%
6.Griechenland5,7%
14%

Verteilung der Resultate

Perzentil nach korrekt beantworteten Fragen

Anzahl Personen mit jedem Resultat

Ihre Resultats-Entwicklung

Sie haben dieses Quiz noch nicht gespielt